[Event "Washington Open--Reserve Section"]
[Site "Lynnwood, WA"]
[Date "2017.05.27"]
[Round "1"]
[White "Ranganathan  (WA), Ananta"]
[Black "Tang  (OR), Zoey"]
[Result "0-1"]
[WhiteElo "1306"]
[BlackElo "1570"]
[PlyCount "78"]
[EventDate "2017.06.02"]
[SourceDate "2017.06.05"]
[SourceVersionDate "2017.06.05"]

1. d4 Nf6 2. c4 e6 3. Nf3 d5 4. Nc3 c6 5. e3 Nbd7 6. Bd3 dxc4 7. Bxc4 Be7 8.
O-O Nb6 9. Bb3 O-O 10. Bc2 c5 11. Qe2 cxd4 12. Nxd4 Bd7 13. Rd1 Qc8 14. Qd3 Qc4
15. b3 Qxd3 16. Bxd3 Rac8 17. Bb2 Bb4 18. Rac1 e5 19. Nf5 Kh8 20. Ng3 Bg4 21.
f3 Be6 22. Nce4 Nfd5 23. Kf2 f6 24. a3 Be7 25. b4 Na4 26. Ba1 f5 27. Nd2 Nac3
28. Re1 e4 29. Bf1 Bg5 30. f4 Be7 31. Nc4 Nb5 32. a4 Nd6 33. Nxd6 Bxd6 34. b5
Bc5 35. Rb1 Nxf4 36. Be5 Ng6 37. Ba1 f4 38. Nh5 fxe3+ 39. Ke2 Bg4# 0-1

[Event "Washington Open--Open Section"]
[Site "Lynnwood, WA"]
[Date "2017.05.27"]
[Round "1"]
[White "Rupel  (WA), David"]
[Black "Gijare  (WA), Abhijeet"]
[Result "1-0"]
[WhiteElo "2033"]
[BlackElo "1704"]
[PlyCount "69"]
[EventDate "2017.06.02"]
[SourceDate "2017.06.05"]
[SourceVersionDate "2017.06.05"]

1. d4 d5 2. Nf3 Nf6 3. Bf4 e6 4. e3 c5 5. c3 Nbd7 6. Nbd2 Be7 7. Bd3 Nf8 8. Ne5
Ng6 9. Bg3 Bd7 10. Ndf3 Nh5 11. Nxd7 Nxg3 12. hxg3 Qxd7 13. Bxg6 fxg6 14. Ne5
Qb5 15. Nxg6 Rg8 16. Nxe7 Kxe7 17. Qc2 h6 18. O-O-O c4 19. Rhe1 Kd7 20. e4 Rad8
21. f3 Qc6 22. exd5 exd5 23. Re5 Kc8 24. Rde1 Rde8 25. Qf5+ Kb8 26. Qf7 Rd8 27.
f4 Qf6 28. Re7 Qxf7 29. Rxf7 Rde8 30. Re5 Rxe5 31. dxe5 g5 32. f5 Re8 33. e6
Kc8 34. Kd2 Kd8 35. Rxb7 1-0

[Event "Washington Open--Open Section"]
[Site "Lynnwood, WA"]
[Date "2017.05.27"]
[Round "1"]
[White "Ramachandren  (WA), Sridaran"]
[Black "Bragg  (WA), David"]
[Result "*"]
[WhiteElo "1859"]
[BlackElo "2200"]
[PlyCount "114"]
[EventDate "2017.06.02"]
[SourceDate "2017.06.12"]
[SourceVersionDate "2017.06.12"]

1. e4 c6 2. d3 d5 3. Nd2 g6 4. e5 Na6 5. c3 Nc7 6. f4 h5 7. Ndf3 Nh6 8. g3 Bg4
9. h3 Bxf3 10. Qxf3 Nf5 11. Ne2 d4 12. c4 e6 13. Bd2 Na6 14. a3 Nc5 15. Bg2 Nb3
16. Rd1 Be7 17. h4 Qb6 18. Bh3 O-O-O 19. Bxf5 gxf5 20. Kf2 Rdg8 21. Be1 Rg4 22.
Kf1 a5 23. Bf2 Rd8 24. Nc3 Nc5 25. Nb1 Qxb2 26. Kg2 a4 27. Rd2 Qb6 28. Qe2 Nb3
29. Rb2 Rdg8 30. Kf1 Bc5 31. Rg1 Qd8 32. Qc2 Qe7 33. Ra2 Qd8 34. Nd2 Qb6 35.
Ke2 Nxd2 36. Kxd2 Qa7 37. Ke2 Kc7 38. Kf3 Ra8 39. Rb1 b6 40. Be1 Be7 41. Qb2
Qb7 42. Bf2 Rd8 43. Ke2 Bc5 44. Qc2 Qa6 45. Be1 Rdg8 46. Kf3 Qa8 47. Bf2 R4g6
48. Rab2 Rb8 49. Ra2 f6 50. Qe2 fxe5 51. Qxe5+ Bd6 52. Qe1 c5+ 53. Ke2 e5 54.
fxe5 Re8 55. Qd2 Rxe5+ 56. Kd1 Rge6 57. Qg5 Qh1+ *

[Event "Washington Open--Open Section"]
[Site "Lynnwood, WA"]
[Date "2017.05.27"]
[Round "1"]
[White "Madsen  (DEN), Jens"]
[Black "Velea  (WA), Anne-Marie"]
[Result "1/2-1/2"]
[WhiteElo "2054"]
[BlackElo "1739"]
[PlyCount "93"]
[EventDate "2017.06.02"]
[SourceDate "2017.06.12"]
[SourceVersionDate "2017.06.12"]

1. e4 c5 2. Nf3 d6 3. Bb5+ Bd7 4. Bxd7+ Nxd7 5. O-O Ngf6 6. Re1 g6 7. b3 Bg7 8.
Bb2 O-O 9. d3 b5 10. Qe2 a6 11. Nbd2 Rc8 12. c4 bxc4 13. dxc4 a5 14. e5 dxe5
15. Rad1 Qb6 16. Nxe5 Nxe5 17. Bxe5 Rfd8 18. Bc3 Rd7 19. Nf3 Rcd8 20. Rxd7 Rxd7
21. Ne5 Rd6 22. Qf3 Qd8 23. Nc6 Qd7 24. Nxe7+ Kf8 25. Qa8+ Qd8 26. Qxa5 Qxa5
27. Bxa5 Ra6 28. b4 Nd7 29. Nd5 Ne5 30. Nc7 Ra7 31. Bb6 Rxa2 32. Bxc5+ Kg8 33.
f4 Nd7 34. Re8+ Bf8 35. Nd5 Nxc5 36. bxc5 Kg7 37. Rc8 Ra5 38. c6 Rc5 39. g3
Rxc4 40. Kg2 Rc5 41. Nb6 Bd6 42. Nd7 Rc2+ 43. Kh3 Rc3 44. Nb6 Rc5 45. Nd7 Rc3
46. Kg2 Rc2+ 47. Kh3 1/2-1/2

[Event "Washington Open--Booster Section"]
[Site "Lynnwood, WA"]
[Date "2017.05.27"]
[Round "1"]
[White "Morrison  (WA), Michael"]
[Black "Keyser  (WA), Harrison"]
[Result "0-1"]
[WhiteElo "1353"]
[BlackElo "1159"]
[PlyCount "88"]
[EventDate "2017.06.02"]
[SourceDate "2017.06.12"]
[SourceVersionDate "2017.06.12"]

1. e4 e5 2. Nf3 Nc6 3. Bc4 Bc5 4. a3 a5 5. d3 h6 6. Nc3 Nf6 7. O-O d6 8. h3 Be6
9. Nd5 O-O 10. Nh4 Bxd5 11. exd5 Nxd5 12. Ng6 fxg6 13. Bxd5+ Kh7 14. Be3 Ba7
15. c3 a4 16. d4 exd4 17. cxd4 Qf6 18. Bxc6 bxc6 19. Qxa4 c5 20. Rad1 Rfb8 21.
b3 cxd4 22. Bc1 c5 23. Bb2 Qf7 24. b4 Qa2 25. Qc2 cxb4 26. Ra1 Qd5 27. a4 b3
28. Qd3 Rb4 29. a5 Qc4 30. Qe4 d5 31. Qe7 Bc5 32. Qd7 Ra7 33. Qg4 Qc2 34. Qc8
Rc4 35. Rab1 d3 36. Qd8 Bd4 37. Bxd4 Rxd4 38. Qb6 Rxa5 39. Qxa5 d2 40. Rfd1 b2
41. Qa3 Qxb1 42. Rxb1 d1=Q+ 43. Rxd1 Rxd1+ 44. Kh2 b1=Q 0-1

[Event "Washington Open--Open Section"]
[Site "Lynnwood, WA"]
[Date "2017.05.27"]
[Round "1"]
[White "Kuhner  (WA), Mary"]
[Black "Beck  (WA), Alec"]
[Result "1-0"]
[WhiteElo "1910"]
[BlackElo "1646"]
[PlyCount "81"]
[EventDate "2017.06.02"]
[SourceDate "2017.06.13"]
[SourceVersionDate "2017.06.13"]

1. e4 e6 2. d4 d5 3. Nc3 Nf6 4. Bg5 Be7 5. e5 Nfd7 6. Bxe7 Qxe7 7. Nf3 a6 8.
Bd3 c5 9. dxc5 Nxc5 10. O-O Nc6 11. Re1 Bd7 12. a3 Nxd3 13. Qxd3 Rc8 14. Ne2
Qc5 15. Ned4 Nxd4 16. Nxd4 Qb6 17. Rab1 Rc4 18. c3 Ke7 19. Qe3 Qc7 20. Qg5+ Kf8
21. Re3 h6 22. Qg4 Bc8 23. Rbe1 Rg8 24. Rf3 Qe7 25. h4 Bd7 26. Qh5 Be8 27. Rf6
Bd7 28. Rf4 Be8 29. Re3 Qd7 30. Qg4 Ke7 31. Ref3 Kd8 32. b3 Rc7 33. Rd3 Qc8 34.
c4 Ke7 35. cxd5 exd5 36. Nf5+ Kf8 37. Rxd5 Bd7 38. Qh5 Bxf5 39. Rxf5 Re7 40.
Qd1 Re8 41. Rd7 1-0

[Event "Washington Open--Open Section"]
[Site "Lynnwood, WA"]
[Date "2017.05.27"]
[Round "1"]
[White "Feldman  (OR), Konner"]
[Black "Arganian  (WA), David"]
[Result "1/2-1/2"]
[WhiteElo "1683"]
[BlackElo "2012"]
[PlyCount "83"]
[EventDate "2017.06.02"]
[SourceDate "2017.06.13"]
[SourceVersionDate "2017.06.13"]

1. d4 Nf6 2. Nc3 d6 3. e4 g6 4. f4 Bg7 5. Nf3 c5 6. e5 dxe5 7. fxe5 Ng4 8. h3
cxd4 9. Bb5+ Bd7 10. Qxd4 Bxb5 11. Qxg4 Bd7 12. Qf4 O-O 13. Bd2 Nc6 14. O-O-O
Qa5 15. Rhe1 b5 16. a3 Be6 17. Ne4 b4 18. Neg5 Qd5 19. Qh4 h6 20. Bxb4 Qa2 21.
Nxe6 fxe6 22. Bc3 Rad8 23. Rd3 h5 24. Kd2 Bh6+ 25. Ke2 Rxd3 26. cxd3 Qb3 27.
Qe4 Qc2+ 28. Kf1 Nd8 29. Qxg6+ Bg7 30. Qe4 Rf5 31. Qc4 Nf7 32. Re2 Qd1+ 33. Kf2
Ng5 34. Bd2 Rxf3+ 35. gxf3 Nxh3+ 36. Kg3 Qxe2 37. Qxe6+ Kf8 38. Qf5+ Kg8 39.
Qe6+ Kh8 40. Qc8+ Kh7 41. Qf5+ Kg8 42. Qe6+ 1/2-1/2

[Event "Washington Open--Open Section"]
[Site "Lynnwood, WA"]
[Date "2017.05.27"]
[Round "1"]
[White "Levine  (WA), Joseph"]
[Black "Perez  (WA), Ignacio"]
[Result "1-0"]
[WhiteElo "1830"]
[BlackElo "2233"]
[PlyCount "97"]
[EventDate "2017.06.02"]
[SourceDate "2017.06.13"]
[SourceVersionDate "2017.06.13"]

1. e4 c5 2. Nf3 d6 3. d4 cxd4 4. Nxd4 Nf6 5. Nc3 g6 6. Be3 Bg7 7. f3 Nc6 8. Bc4
O-O 9. Qd2 Bd7 10. O-O-O Rc8 11. Bb3 Ne5 12. Kb1 b5 13. Ndxb5 a5 14. a4 Re8 15.
Qf2 Nc4 16. Bxc4 Rxc4 17. b3 Rc6 18. Bd4 Qb8 19. g4 Be6 20. h4 Rec8 21. h5 Rc5
22. hxg6 fxg6 23. Bxc5 Rxc5 24. Rd3 Bf7 25. Rhd1 h6 26. Qxc5 dxc5 27. Rd8+ Qxd8
28. Rxd8+ Kh7 29. Kc1 h5 30. gxh5 gxh5 31. e5 Ng8 32. f4 Bh6 33. Ne2 Be6 34.
Kd2 h4 35. Ke3 Bg7 36. Nbc3 Nh6 37. Ne4 Bg4 38. Nxc5 Nf5+ 39. Kf2 Bh6 40. Ne4
h3 41. N4g3 Nxg3 42. Nxg3 Kg6 43. Rd4 e6 44. c3 Bf8 45. b4 Be7 46. Kg1 Kf7 47.
Ne4 Kg6 48. bxa5 Be2 49. c4 1-0

[Event "Washington Open--Reserve Section"]
[Site "Lynnwood, WA"]
[Date "2017.05.27"]
[Round "1"]
[White "Allen  (WA), Robert"]
[Black "Greenawalt  (WA), Larry"]
[Result "0-1"]
[WhiteElo "1700"]
[BlackElo "1416"]
[PlyCount "98"]
[EventDate "2017.06.02"]
[SourceDate "2017.06.14"]
[SourceVersionDate "2017.06.14"]

1. d4 d5 2. c4 c6 3. Nc3 e6 4. Nf3 Nf6 5. Bg5 Be7 6. e3 O-O 7. Bd3 dxc4 8. Bxc4
b5 9. Bd3 Nbd7 10. O-O a6 11. Rc1 Bb7 12. Qc2 Rc8 13. Nd2 g6 14. Nde4 c5 15.
dxc5 Nxc5 16. Bxf6 Bxf6 17. Nxf6+ Qxf6 18. Be4 Bxe4 19. Nxe4 Nxe4 20. Qxe4 Rxc1
21. Rxc1 Qxb2 22. Qc2 Qxc2 23. Rxc2 Rd8 24. Kf1 Rd6 25. Ke2 Kg7 26. Rd2 Rxd2+
27. Kxd2 Kf6 28. Kc3 Kf5 29. Kb4 Ke4 30. Ka5 Kd3 31. Kxa6 Kc4 32. Kb6 b4 33.
Ka5 b3 34. axb3+ Kxb3 35. Kb5 Kc3 36. Kc5 Kd3 37. Kd6 Ke2 38. Ke7 f5 39. Kxe6
Kxf2 40. Kf6 Kxg2 41. Kg7 Kxh2 42. Kxh7 g5 43. Kg6 g4 44. Kxf5 g3 45. e4 g2 46.
e5 g1=Q 47. Kf6 Qd4 48. Ke6 Kg3 49. Kf5 Qd5 0-1

[Event "Washington Open--Reserve Section"]
[Site "Lynnwood, WA"]
[Date "2017.05.27"]
[Round "1"]
[White "Mayer  (WA), Jacob"]
[Black "Christy  (WA), Jack"]
[Result "1-0"]
[WhiteElo "1751"]
[BlackElo "1451"]
[PlyCount "120"]
[EventDate "2017.06.02"]
[SourceDate "2017.06.14"]
[SourceVersionDate "2017.06.14"]

1. e4 c5 2. c4 Nc6 3. Ne2 d6 4. d4 cxd4 5. Nxd4 Nf6 6. Nc3 e6 7. Be2 Be7 8. O-O
O-O 9. a3 a6 10. Be3 Qc7 11. b4 Bd7 12. f4 Rac8 13. Rc1 Rfd8 14. Nb3 Be8 15.
Qe1 Nd7 16. Qf2 Bf6 17. b5 Bxc3 18. bxc6 Qxc6 19. Rxc3 Nc5 20. Nxc5 dxc5 21.
Bf3 b6 22. e5 Qc7 23. Be4 Qe7 24. Qf3 Qf8 25. Bb7 Rc7 26. Be4 Qe7 27. Qh3 g6
28. Bf2 Qf8 29. Bh4 Rd4 30. Bc2 Bc6 31. Qg4 Rd2 32. Bf2 Rcd7 33. f5 R7d4 34.
Bxd4 Rxg2+ 35. Qxg2 Bxg2 36. Kxg2 cxd4 37. Rg3 exf5 38. Bxf5 Qc5 39. e6 Qc6+
40. Kg1 fxe6 41. Bd3 e5 42. Re1 Qd6 43. Be4 Kg7 44. Bd5 Kh6 45. Re4 Qf6 46.
Rh3+ Kg7 47. Rg3 Kh6 48. Kg2 Qf5 49. Rh4+ Kg7 50. Rf3 Qg5+ 51. Kh3 h5 52. Be4
Qe7 53. Rg3 Qe6+ 54. Kg2 Qf6 55. Rxg6+ Qxg6+ 56. Bxg6 Kxg6 57. Kf3 Kg5 58. Rh3
h4 59. Ke4 Kg4 60. Rd3 Kg5 1-0

[Event "Washington Open--Open Section"]
[Site "Lynnwood, WA"]
[Date "2017.05.27"]
[Round "1"]
[White "Frantz  (WA), Joseph"]
[Black "Feng  (WA), Roland"]
[Result "0-1"]
[WhiteElo "1909"]
[BlackElo "2465"]
[PlyCount "110"]
[EventDate "2017.06.02"]
[SourceDate "2017.06.14"]
[SourceVersionDate "2017.06.14"]

1. e4 e6 2. d4 d5 3. Nc3 Nf6 4. e5 Nfd7 5. Nce2 c5 6. f4 cxd4 7. Nf3 Nc6 8.
Nexd4 Bc5 9. c3 O-O 10. a3 Be7 11. h4 Nc5 12. Bd3 Nxd3+ 13. Qxd3 f6 14. Be3
fxe5 15. Nxc6 bxc6 16. Nxe5 Qe8 17. Nf3 h6 18. O-O-O e5 19. Nxe5 Bf5 20. Qa6
Rf6 21. g4 Be4 22. g5 Re6 23. Rhg1 h5 24. g6 Bf6 25. Qe2 Bxe5 26. fxe5 Rxe5 27.
Bd4 Rf5 28. Rde1 a5 29. Qh2 Qe7 30. Rg3 Raf8 31. Qh3 Qb7 32. b4 Qb5 33. Qh2
axb4 34. axb4 Ra8 35. Qe2 Ra1+ 36. Kb2 Rb1+ 37. Ka3 Qxe2 38. Rxe2 Rf8 39. Rb2
Ra8+ 40. Kb3 Rba1 41. b5 R8a4 42. Bc5 cxb5 43. Rg5 Bd3 44. Rg3 Bc4+ 45. Kc2 Rh1
46. Be7 Ra6 47. Rg2 Re6 48. Bd8 Kf8 49. Rb1 Bd3+ 50. Kxd3 Rxb1 51. Bg5 Rxg6 52.
Rf2+ Kg8 53. Kd4 Rc6 54. Rf5 Rd1+ 55. Ke5 Rxc3 0-1

[Event "Washington Open--Open Section"]
[Site "Lynnwood, WA"]
[Date "2017.05.28"]
[Round "4"]
[White "Truelson  (WA), Joseph"]
[Black "Casey  (WA), Garrett"]
[Result "1-0"]
[WhiteElo "1959"]
[BlackElo "1856"]
[PlyCount "55"]
[EventDate "2017.06.02"]
[SourceDate "2017.06.15"]
[SourceVersionDate "2017.06.15"]

1. c4 Nf6 2. Nc3 g6 3. e4 d6 4. d4 Bg7 5. Nf3 O-O 6. Be2 e5 7. d5 a5 8. O-O Na6
9. Nd2 Nc5 10. Rb1 Bd7 11. b3 h5 12. a3 Bh6 13. Qc2 Nh7 14. b4 axb4 15. axb4
Na4 16. Nxa4 Bxa4 17. Nb3 Bxc1 18. Rfxc1 Qg5 19. c5 Rac8 20. Ra1 Bxb3 21. Qxb3
f5 22. b5 fxe4 23. b6 cxb6 24. Qxb6 Qd2 25. Re1 Qxd5 26. cxd6 Rc6 27. Qxb7 Qxd6
28. Ra7 1-0

[Event "Washington Open--Open Section"]
[Site "Lynnwood, WA"]
[Date "2017.05.27"]
[Round "1"]
[White "Deng  (WA), Samuel"]
[Black "Whale  (WA), Nicholas"]
[Result "1-0"]
[WhiteElo "1909"]
[BlackElo "1533"]
[PlyCount "103"]
[EventDate "2017.06.02"]
[SourceDate "2017.06.15"]
[SourceVersionDate "2017.06.15"]

1. d4 Nf6 2. c4 g6 3. Nc3 Bg7 4. Nf3 O-O 5. Bg5 d6 6. e3 Nbd7 7. Be2 c6 8. Qc2
Qe8 9. O-O e5 10. dxe5 dxe5 11. Rfd1 Nc5 12. Bxf6 Bxf6 13. b4 Na6 14. Ne4 Bg7
15. Nd6 Qe7 16. Rab1 Rd8 17. c5 Nc7 18. Bc4 Ne6 19. Rd2 b6 20. Rbd1 Rf8 21. Bb3
bxc5 22. bxc5 Kh8 23. a3 Qc7 24. Qc4 Rb8 25. Bc2 Qa5 26. Qa4 Qxa4 27. Bxa4 Nxc5
28. Bxc6 h6 29. Rd5 e4 30. Rxc5 exf3 31. Bxf3 Be6 32. Bd5 Bxd5 33. Rcxd5 Rb2
34. Ra5 Rfb8 35. Rxa7 Rb1 36. Rf1 f5 37. g3 R1b2 38. Rc1 Rb1 39. Rxb1 Rxb1+ 40.
Kg2 Kg8 41. h4 Bf8 42. Ne8 Rb6 43. Nc7 Rc6 44. Nd5 Rd6 45. Nf4 h5 46. a4 Bh6
47. Kf3 Rc6 48. a5 Rd6 49. a6 Rc6 50. Ra8+ Kg7 51. a7 Ra6 52. Nxg6 1-0

[Event "Washington Open--Reserve Section"]
[Site "Lynnwood, WA"]
[Date "2017.05.27"]
[Round "1"]
[White "Smith  (WA), Colin"]
[Black "Hamlett  (WA), James"]
[Result "0-1"]
[WhiteElo "1390"]
[BlackElo "1648"]
[PlyCount "106"]
[EventDate "2017.06.02"]
[SourceDate "2017.06.15"]
[SourceVersionDate "2017.06.15"]

1. e4 b6 2. d4 Bb7 3. Nc3 e6 4. Nf3 Bb4 5. Bd3 Nf6 6. e5 Ne4 7. Bd2 Nxd2 8.
Qxd2 Bxf3 9. gxf3 d5 10. a3 Be7 11. Bb5+ c6 12. Ba4 Qc7 13. Rg1 Rg8 14. f4 Nd7
15. Ne2 b5 16. Bb3 Nb6 17. Qd3 g6 18. Ba2 Kd7 19. O-O-O a5 20. Bb3 a4 21. Ba2
b4 22. Kd2 Rgb8 23. axb4 Bxb4+ 24. c3 Be7 25. Rb1 a3 26. b3 c5 27. dxc5 Qxc5
28. Nd4 Nc8 29. Rg2 Na7 30. f5 Nc6 31. f4 Nxd4 32. Qxd4 Qxd4+ 33. cxd4 Bb4+ 34.
Kd3 exf5 35. Rc1 Rc8 36. Rgc2 Rxc2 37. Rxc2 Rc8 38. Rxc8 Kxc8 39. Ke3 Kd7 40.
Kf3 Ke6 41. h4 h6 42. Bb1 h5 43. Ke2 Bc3 44. Kd3 Be1 45. Ba2 Bxh4 46. b4 Bd8
47. Kc3 h4 48. Bb3 h3 49. Bd1 a2 50. Kb2 Bb6 51. Bf3 Bxd4+ 52. Kxa2 Bb6 53. Kb3
Be3 0-1

[Event "Washington Open--Open Section"]
[Site "Lynnwood, WA"]
[Date "2017.05.27"]
[Round "1"]
[White "McCoy  (OR), Owen"]
[Black "Zhang  (WA), Jason"]
[Result "1-0"]
[WhiteElo "2049"]
[BlackElo "1661"]
[PlyCount "143"]
[EventDate "2017.06.02"]
[SourceDate "2017.06.16"]
[SourceVersionDate "2017.06.16"]

1. e4 e5 2. Nf3 Nc6 3. Bb5 a6 4. Ba4 Nf6 5. O-O b5 6. Bb3 Bc5 7. c3 d6 8. d4
exd4 9. cxd4 Bb6 10. h3 h6 11. Nc3 O-O 12. Re1 Re8 13. Bc2 Bb7 14. a3 Qd7 15.
Bf4 Rad8 16. Qd2 Na5 17. Rad1 Nc4 18. Qc1 Ba5 19. b4 Bb6 20. Bg3 Qe6 21. d5 Qe7
22. Nd4 Bxd4 23. Rxd4 Nd7 24. Bb3 Qf6 25. Red1 Nce5 26. f4 Ng6 27. Kh1 Qe7 28.
Qd2 Nf6 29. a4 Nh5 30. Bh2 bxa4 31. Bxa4 Rf8 32. Bc2 Rfe8 33. Qf2 Qh4 34. Qxh4
Nxh4 35. Rc4 Re7 36. Rf1 Ng6 37. g4 Nf6 38. Kg1 Rde8 39. Bg3 Rd8 40. Rd1 Rde8
41. Kf2 Kf8 42. Kf3 Rc8 43. Ke3 Rce8 44. Rd2 Kg8 45. Bd1 Kf8 46. Bf3 Ba8 47. h4
Rd7 48. g5 Ng8 49. Bg4 Rde7 50. Kd4 Bb7 51. Ra2 f6 52. h5 Nh8 53. g6 Rb8 54.
Bh4 Rbe8 55. Bf5 Rb8 56. Be6 Rbe8 57. f5 Rb8 58. Nb1 Ra8 59. Nd2 Ra7 60. Nb3
Ra8 61. Bf2 Rb8 62. Be1 Ra8 63. Rac2 Bc8 64. Rxc7 Bxe6 65. dxe6 Rxc7 66. Rxc7
Rd8 67. Na5 Ne7 68. Bg3 Ke8 69. Rxe7+ Kxe7 70. Nc6+ Ke8 71. Nxd8 Kxd8 72. Bxd6
1-0

[Event "Washington Open--Reserve Section"]
[Site "Lynnwood, WA"]
[Date "2017.05.27"]
[Round "2"]
[White "Juchau  (WA), Dave"]
[Black "Ranganathan  (WA), Ananta"]
[Result "1-0"]
[WhiteElo "1625"]
[BlackElo "1322"]
[PlyCount "59"]
[EventDate "2017.06.02"]
[SourceDate "2017.06.16"]
[SourceVersionDate "2017.06.16"]

1. e4 c5 2. Nc3 g6 3. f4 d6 4. Nf3 Bg7 5. Bc4 Nf6 6. O-O a6 7. a4 Nc6 8. d3 Rb8
9. Qe1 Bd7 10. Qh4 Na5 11. Ba2 b5 12. f5 c4 13. Bh6 Bxh6 14. Qxh6 Qb6+ 15. d4
gxf5 16. Nd5 Nxd5 17. exd5 Qb7 18. Qg7 Rf8 19. Ng5 Qxd5 20. Nxh7 Bc6 21. Qxf8+
Kd7 22. Qg7 bxa4 23. c3 Nb7 24. Bb1 Nd8 25. Rxf5 Qe6 26. Nf8+ Kc7 27. Nxe6+
Nxe6 28. Qxf7 Kd7 29. d5 Rxb2 30. Qxe6+ 1-0

[Event "Washington Open--Reserve Section"]
[Site "Lynnwood, WA"]
[Date "2017.05.27"]
[Round "2"]
[White "Gregson  (WA), Daniel"]
[Black "Johnson  (WA), Cleve"]
[Result "0-1"]
[WhiteElo "1304"]
[BlackElo "1537"]
[PlyCount "52"]
[EventDate "2017.06.02"]
[SourceDate "2017.06.16"]
[SourceVersionDate "2017.06.16"]

1. e4 c5 2. Nf3 Nc6 3. d4 cxd4 4. Nxd4 a6 5. Bc4 Nf6 6. Nc3 g6 7. Be3 Bg7 8.
Qd2 Nxd4 9. Bxd4 d6 10. O-O-O O-O 11. f3 Bd7 12. Nd5 b5 13. Nxf6+ Bxf6 14. Bxf6
bxc4 15. Bc3 a5 16. Qh6 f6 17. h4 Qe8 18. Rd5 a4 19. h5 a3 20. hxg6 axb2+ 21.
Bxb2 Qxg6 22. Rg5 fxg5 23. Qxg6+ hxg6 24. Rh8+ Kf7 25. Rh7+ Ke6 26. Rh6 Be8 0-1

[Event "Washington Open--Booster Section"]
[Site "Lynnwood, WA"]
[Date "2017.05.27"]
[Round "2"]
[White "Ryan  (WA), Stephen"]
[Black "Rodgers  (WA), Tommy"]
[Result "0-1"]
[WhiteElo "1288"]
[BlackElo "749"]
[PlyCount "60"]
[EventDate "2017.06.02"]
[SourceDate "2017.06.16"]
[SourceVersionDate "2017.06.16"]

1. e4 c5 2. c3 d5 3. exd5 Qxd5 4. Nf3 Nf6 5. Na3 a6 6. Nc4 Bg4 7. Ne3 Qe4 8.
Be2 Nc6 9. O-O h5 10. d3 Qg6 11. d4 O-O-O 12. Nh4 Qh7 13. f3 cxd4 14. Nxg4 hxg4
15. g3 d3 16. f4 dxe2 17. Qxe2 e6 18. b4 Qe4 19. Qf2 Be7 20. Be3 Nd5 21. Bd2
Bf6 22. Rfe1 Qc4 23. a4 Nce7 24. Ng2 Nf5 25. Rac1 Kb8 26. Re2 Rh3 27. Qe1 Rdh8
28. Ne3 Ndxe3 29. Bxe3 Nxe3 30. Rxe3 Rxh2 0-1

[Event "Washington Open--Open Section"]
[Site "Lynnwood, WA"]
[Date "2017.05.27"]
[Round "2"]
[White "Perez  (WA), Ignacio"]
[Black "Vijayakumar  (WA), Advaith"]
[Result "1-0"]
[WhiteElo "2233"]
[BlackElo "1784"]
[PlyCount "45"]
[EventDate "2017.06.02"]
[SourceDate "2017.06.16"]
[SourceVersionDate "2017.06.16"]

1. e4 e6 2. d4 d5 3. Nc3 Nf6 4. Bg5 Be7 5. Bxf6 Bxf6 6. Nf3 O-O 7. e5 Be7 8.
Bd3 c5 9. h4 f6 10. exf6 Bxf6 11. Bxh7+ Kxh7 12. Ng5+ Kh6 13. Qd3 Bxg5 14.
hxg5+ Kxg5 15. Rh7 Rg8 16. O-O-O Kf6 17. dxc5 Nc6 18. Qg3 Qe8 19. Qf4+ Ke7 20.
Rxd5 exd5 21. Nxd5+ Ke6 22. Qd6+ Kf7 23. Qf6# 1-0

[Event "Washington Open--Reserve Section"]
[Site "Lynnwood, WA"]
[Date "2017.05.27"]
[Round "2"]
[White "Kobin  (WA), Asher"]
[Black "Allen  (WA), Robert"]
[Result "0-1"]
[WhiteElo "1268"]
[BlackElo "1700"]
[PlyCount "60"]
[EventDate "2017.06.02"]
[SourceDate "2017.06.16"]
[SourceVersionDate "2017.06.16"]

1. e4 c5 2. Nf3 d6 3. d4 cxd4 4. Nxd4 Nf6 5. Nc3 g6 6. Bd3 Bg7 7. h3 O-O 8. O-O
Nc6 9. Nb3 Be6 10. Be3 Ne5 11. Nd4 Bd7 12. Qd2 Re8 13. a4 Rc8 14. Nd5 Nxd5 15.
exd5 Rc5 16. b4 Rxd5 17. c4 Rxd4 18. Bxd4 Nf3+ 19. gxf3 Bxd4 20. Bxg6 Bxa1 21.
Bxh7+ Kxh7 22. Qf4 Bf6 23. Rd1 Bxh3 24. Qe4+ Kh8 25. Rd5 e5 26. f4 Rg8+ 27. Kh2
Be6 28. Rd3 Rg4 29. f3 Rxf4 30. Qe1 Qg8 0-1

[Event "Washington Open--Open Section"]
[Site "Lynnwood, WA"]
[Date "2017.05.27"]
[Round "2"]
[White "Petrov  (WA), Oscar"]
[Black "Reeves  (WA), Jasen"]
[Result "1-0"]
[WhiteElo "1822"]
[BlackElo "1615"]
[Annotator "Murlin"]
[PlyCount "61"]
[EventDate "2017.06.02"]
[SourceDate "2017.06.17"]
[SourceVersionDate "2017.06.17"]

1. e4 e5 2. Nf3 Nc6 3. Bc4 Nf6 4. d3 Bc5 5. c3 d6 6. Bb3 Be6 7. Bc2 d5 8. Qe2
dxe4 9. dxe4 Qe7 10. O-O Bg4 11. b4 Bb6 12. h3 Bh5 13. Be3 Bxf3 14. Qxf3 Bxe3
15. Qxe3 O-O 16. Nd2 Rfd8 17. Rfd1 Nh5 18. Nc4 b5 19. Nb2 Nf4 20. Nd3 Nxd3 21.
Rxd3 a5 22. bxa5 Nxa5 23. a4 Nc4 24. Qe2 Rdb8 25. Bb3 Na5 26. Qc2 Nxb3 27. Qxb3
bxa4 28. Rxa4 h6 29. Rxa8 Rxa8 30. Qb7 Ra1+ 31. Kh2 {This score has been a
challenge all along, with incorrectly noted moves, "a"s that look like "d"s,
etc. The rest of the moves make no sense, and indicate there must be some
missing.} 1-0

[Event "Washington Open--Booster Section"]
[Site "Lynnwood, WA"]
[Date "2017.05.27"]
[Round "2"]
[White "Keyser  (WA), Harrison"]
[Black "Weller  (WA), Stephen"]
[Result "1-0"]
[WhiteElo "1159"]
[BlackElo "1138"]
[PlyCount "71"]
[EventDate "2017.06.02"]
[SourceDate "2017.06.17"]
[SourceVersionDate "2017.06.17"]

1. e4 e6 2. Nf3 d5 3. Nc3 Nf6 4. exd5 exd5 5. d4 Bb4 6. Be2 O-O 7. O-O Bg4 8.
a3 Be7 9. Ne5 Bxe2 10. Nxe2 c5 11. c3 Ne4 12. Qb3 b6 13. dxc5 Bxc5 14. Nf4 d4
15. Rd1 Qf6 16. Qd5 Nxf2 17. Kxf2 dxc3+ 18. Kf3 Na6 19. Nd7 Qh6 20. Nxf8 Rxf8
21. bxc3 g5 22. Nh3 Qh5+ 23. Kg3 Qh4+ 24. Kf3 g4+ 25. Ke2 gxh3 26. Qg5+ Qxg5
27. Bxg5 hxg2 28. Be3 Re8 29. Rd3 f5 30. Kf2 f4 31. Bxc5 Nxc5 32. Rf3 Nb3 33.
Rg1 Re4 34. Rxg2+ Kh8 35. Rd3 Re7 36. Rd8+ 1-0

[Event "Washington Open--Open Section"]
[Site "Lynnwood, WA"]
[Date "2017.05.27"]
[Round "2"]
[White "Feng  (WA), Roland"]
[Black "Rupel  (WA), David"]
[Result "1-0"]
[WhiteElo "2465"]
[BlackElo "2033"]
[PlyCount "77"]
[EventDate "2017.06.02"]
[SourceDate "2017.06.17"]
[SourceVersionDate "2017.06.17"]

1. d4 d5 2. c4 e6 3. Nc3 c6 4. Nf3 Nd7 5. e4 dxe4 6. Nxe4 Ngf6 7. Bd3 Nxe4 8.
Bxe4 Nf6 9. Bc2 Bb4+ 10. Bd2 Qe7 11. O-O Bxd2 12. Qxd2 O-O 13. Rfe1 Rd8 14. c5
Bd7 15. Qf4 Be8 16. Qh4 h6 17. g4 Nd5 18. g5 b6 19. Qe4 g6 20. gxh6 bxc5 21.
dxc5 Qf8 22. Qh4 Qxc5 23. Bb3 Qe7 24. Ng5 Qf6 25. Rac1 Nf4 26. Rc3 Rd4 27. h7+
Kh8 28. Qh6 Bd7 29. Rf3 Qg7 30. Qxg7+ Kxg7 31. Re4 Rxe4 32. Nxe4 e5 33. Nd6 Be6
34. Bxe6 fxe6 35. Rb3 Kxh7 36. Rb7+ Kg8 37. Nf7 e4 38. Nh6+ Kf8 39. Rf7+ 1-0